Normal view MARC view

Entry Personal Name

Number of records used in: 2

001 - CONTROL NUMBER

  • control field: 9396

003 - CONTROL NUMBER IDENTIFIER

  • control field: DLC

005 - DATE AND TIME OF LATEST TRANSACTION

  • control field: 20230902122700.0

008 - FIXED-LENGTH DATA ELEMENTS

  • fixed length control field: 810819n| acannaab| |n aaa |||

010 ## - LIBRARY OF CONGRESS CONTROL NUMBER

  • LC control number: n 81088085

040 ## - CATALOGING SOURCE

  • Original cataloging agency: DLC
  • Transcribing agency: DLC

100 10 - HEADING--PERSONAL NAME

  • Personal name: Simon, Carl P.,
  • Dates associated with a name: 1945-

670 ## - SOURCE DATA FOUND

  • Source citation: His The underground economy, c1981:
  • Information found: t.p. (Carl P. Simon; Univ. of N.C.) CIP data sheet (b. 2-7-45)

Powered by Koha